Horror Video Games - Statistics

General Stats
  • This quiz has been taken 737 times
  • The average score is 13 of 26
Answer Stats
Hint Game % Correct
The game's plot follows Chris Redfield and Jill Valentine, members of an elite task force known as S.T.A.R.S., as they investigate the outskirts of Raccoon City following the disappearance of their team members. They soon become trapped in a mansion infested with zombies and other monsters. Resident Evil
87%
The player controls a nighttime security guard who must utilize security cameras and other tools to survive against animatronic characters which become mobile and homicidal after-hours. Five Nights at Freddy's
81%
Amanda Ripley, daughter of Ellen Ripley, learns that the flight recorder of her mother's ship, the Nostromo, has been located, and Christopher Samuels, a Weyland-Yutani android, offers Ripley a place on the retrieval team so that she can have closure regarding the fate of her missing mother. Alien: Isolation
73%
The game follows Harry Mason as he searches for his missing adopted daughter in this eponymous fictional American town; stumbling upon a cult conducting a ritual to revive a deity it worships, he discovers her true origin. Silent Hill
72%
Set in a forest during the middle of the night, the player's objective is to collect all eight notes located in various areas of the forest while avoiding a tall humanoid creature wearing a black suit and tie with a white face and no facial features. Slender: The Eight Pages
72%
Players control Joel, a smuggler tasked with escorting a teenage girl, Ellie, across a post-apocalyptic United States after an outbreak of a mutant Cordyceps fungus transforms its human hosts into aggressive creatures known as the Infected.. The Last of Us
69%
The game is played as a one versus four online multiplayer where one player takes on the role of the savage killer, and the other four players play as survivors, trying to escape the killer and avoid being caught and sacrificed to a malevolent force known as the Entity. Dead by Daylight
67%
The game is set on a mining spaceship overrun by deadly monsters called Necromorphs, which were released following the discovery of an artifact called the Marker. The player controls engineer Isaac Clarke as he navigates the spaceship and fights the Necromorphs, while struggling with growing psychosis. Dead Space
60%
The game revolves around a freelance investigative journalist, Miles Upshur, who decides to investigate a remote psychiatric hospital named Mount Massive Asylum, located deep in the mountains of Lake County, Colorado. Outlast
60%
The player guides the protagonist, Jack, after his airplane crashes in the ocean near the bathysphere terminus that leads to the underwater city of Rapture. Built by the business magnate Andrew Ryan, the city was intended to be an isolated utopia, but the discovery of ADAM, a genetic material which can be used to grant superhuman powers, initiated the city's turbulent decline. BioShock
55%
Players assume control of eight young adults who have to survive on Blackwood Mountain when their lives are threatened. The game features a butterfly effect system in which players must make choices that may change the story. All playable characters can survive or die, depending on the choices made. Until Dawn
55%
Set on Mars in 2145, where a military-industrial conglomerate has set up a scientific research facility into fields such as teleportation, biological research, and advanced weapons design. The teleportation experiments open a gateway to Hell, resulting in a catastrophic invasion of the Mars base by demons. Doom 3
54%
The game takes place on a remote, heavily forested peninsula where the player character Eric Leblanc and his son Timmy are survivors of a plane crash. The game features nonlinear gameplay in an open world environment played from a first-person perspective, with no set missions or quests, empowering the player to make their own decisions for survival. The Forest
51%
The game features a protagonist named Daniel exploring a dark and foreboding castle, while trying to maintain his sanity by avoiding monsters and other terrifying obstructions. Amnesia: The Dark Descent
49%
Set during the aftermath of a zombie outbreak on the East Coast, the game puts its four protagonists—dubbed the "Survivors"—against hordes of the infected. There are four game modes: a single-player mode in which allied characters are controlled by AI; a four-player, co-op campaign mode, an eight-player online versus mode, and a four-player survival mode. Left 4 Dead
48%
The story follows a best-selling thriller novelist as he tries to uncover the mystery behind his wife's disappearance during a vacation in the small fictional town of Bright Falls, Washington, all while experiencing events from the plot in his latest novel, which he cannot remember writing, coming to life. Alan Wake
46%
Set in a mysterious world, this game follows the journey of Six, a hungry little girl who must escape the Maw, an iron vessel inhabited by monstrous, twisted beings. Little Nightmares
44%
The game centers on protagonist Sebastian Castellanos as he is pulled through a distorted world full of nightmarish locations and horrid creatures like 'The Haunted', the game's most common enemy, 'The Keeper', a large humanoid with a safe as a head who wields a large meat tenderizer hammer, and Ruvik, the game's main antagonist. The Evil Within
42%
The story follows twin sisters Mio and Mayu Amakura as they explore an abandoned village and experience encounters with the paranormal. Their lives quickly become threatened when the village spirits begin to possess Mayu and target them as sacrifices for an ancient ritual. Players must use a Camera Obscura with powers of exorcism to defeat enemies and uncover the secrets of the village. Fatal Frame II: Crimson Butterfly
33%
The game's story revolves around a supernatural phenomenon, which a fictional special forces team is called to contain. The player assumes the role of the team's Point Man, who possesses superhuman reflexes, and must uncover the secrets of a paranormal menace in the form of Alma, a young girl. F.E.A.R.
32%
Takes place on an underwater remote research facility that contains machinery which are exhibiting human characteristics, such as consciousness. Simon Jarrett, a fish-out-of-water protagonist, finds himself there under mysterious circumstances and embarks upon discovering its history, while trying to make sense of his predicament and potential future. SOMA
32%
The story takes place in Norway and follows a variety of characters as they attempt to survive the return of Scissorman and uncover the mystery of his seemingly immortal state. Clock Tower
29%
The game is set aboard a space station in a cyberpunk vision of the year 2072. Assuming the role of a nameless security hacker, the player attempts to hinder the plans of a malevolent artificial intelligence called SHODAN. System Shock
22%
The player takes on the role of Ethan Thomas, a crime scene investigation agent with the FBI's Serial Crime Unit, as he traverses the seedier sides of the city. His journey takes him through a number of condemned buildings as he searches for the one who framed him for murder, the evasive Serial Killer X. Condemned: Criminal Origins
21%
The story follows Fiona Belli, a young woman who wakes up in the dungeon of a castle after being involved in a car accident. She quickly befriends a White Shepherd, Hewie, and begins to explore the castle with his aid to seek a means of escape and unravel the mysteries of it and its inhabitants. Haunting Ground
16%
Follows the story of Philip, a thirty-year-old physicist whose mother recently died. After receiving a mysterious letter from his supposedly dead father, Philip follows a series of clues that lead him to a mysterious location in uninhabited northern Greenland. Penumbra: Overture
9%
No matching quizzes found
Score Distribution
Percent of People with Each Score
Percentile by Number Answered
Your Score History
You have not taken this quiz